000 00822nam a2200253Ia 4500
003 OSt
005 20220918170959.0
006 a|||||r|||| 00| 0
007 ta
008 220917b |||||||| |||| 00| 0 eng d
020 _a9781108423724 (hbk)
_cUKP 75.00
024 _a348,174
037 _b8510, 15/01/2019, Efficient Book Distributors
_cTextual
040 _aARTS
_cARTS
_beng
041 _2eng
_aeng
082 _aW:(R), Q8
100 _aGaleotti Anna Elisabetta Au.
_932855
245 0 _aPolitcal self-deception
260 _aCambridge
_bCambridge University press UK
_c2018
300 _aix,261p.
_ccm.
650 _aPHILOSOPHY; POLITICAL SCIENCE
_931522
942 _hW:(R), Q8
_cTEXL
_2CC
999 _c137091
_d137091